000 00355nam a22001457a 4500
008 231110b |||||||| |||| 00| 0 eng d
020 _a9789355515414
040 _a06
100 _aKanetkar Yashvant
245 _aLet Us Python
250 _a6th
260 _aNew Delhi:Bpb, Arishta
_bNew Delhi:Bpb, Arishta
_c31-10-2023
300 _a493
942 _c02
999 _c57662
_d57662